Statistics for Movie Couples Quiz

Click here to take the quiz!

General Stats

  • This quiz has been taken 50,856 times
    (31,677 since last reset)
  • The average score is 11 of 20

Answer Stats

Couple Movie or Series % Correct
Han Solo & Princess LeiaStar Wars
94%
Bella & EdwardTwilight
93%
Simba & NalaThe Lion King
93%
Ron & HermioneHarry Potter
93%
Rose & JackTitanic
84%
Clark & LoisSuperman
80%
Danny & SandyGrease
70%
Neo & TrinityThe Matrix
69%
Peter & Mary JaneSpider-Man
67%
Baby & JohnnyDirty Dancing
63%
Scarlett & RhettGone With the Wind
56%
Tony & MariaWest Side Story
47%
Buttercup & WestleyThe Princess Bride
33%
Stanley & StellaA Streetcar Named Desire
31%
Rick & IlsaCasablanca
28%
Hazel & GusThe Fault in Our Stars
25%
Edward & VivianPretty Woman
22%
Michael & KayThe Godfather
19%
Ennis & JackBrokeback Mountain
18%
Danny & TessOcean's 11
12%

Score Distribution

Percentile by Number Answered

Percent of People with Each Score

Your Score History

You have not taken this quiz since the last reset